000 00489nam a2200181 a 4500
005 20240210063601.0
008 021106s1998 mx r 000 0 spa d
020 _a9684032811
035 _aUPN01000120779
049 _aI
050 4 _aPN6367
_bS2.2
100 1 _aSalgado Herrera, Antonio
245 1 0 _aAgua pasa por mi casa-- cate de mi corazón /
_cAntonio Salgado.
260 _aMéxico :
_bSelector,
_cc1998.
300 _a150 p.
650 4 _aAdivinanzas
_9114
905 _aInfantil
999 _c93113
_d93113